| 000 | 01058nam a2200325 i 4500 | ||
|---|---|---|---|
| 001 | 30141 | ||
| 003 | KOSZ 005 | ||
| 005 | 20210701125802.0 | ||
| 008 | 961010s1992 us a f |000 0 eng d | ||
| 020 | _a0026764113 | ||
| 040 |
_cKOSZ 005 _aKOSZ 005 _dKOSZ 005/HR |
||
| 046 | _k1992 | ||
| 080 | _a621.9 | ||
| 080 | _a681.5 | ||
| 100 | 1 |
_aKief, Hans B. _eAutor |
|
| 245 | 0 |
_aComputer numerical control / _cHans B. Kief, T. Frederick Waters. |
|
| 260 |
_aLake Forest, Illinois [etc.] : _bGlecoe Division Macmillan/McGraw-Hill, _c1992. |
||
| 300 |
_aV, 418 s. : _bfot., rys., wykr. ; _c25 cm. |
||
| 380 | _aKsiążki | ||
| 380 | _aPublikacje naukowe | ||
| 388 | _a1901-2000 | ||
| 388 | _a1989-2000 | ||
| 650 | 9 | _aAutomatyka | |
| 658 | _aInżynieria i technika | ||
| 700 | 1 |
_aWaters, T. Frederick _eAutor |
|
| 710 | 2 | _aMacmillan Publishers | |
| 710 | 2 | _aMcGraw-Hill | |
| 856 |
_uhttp://koha.tu.koszalin.pl/cgi-bin/koha/opac-detail.pl?biblionumber=30141 _yKatalog online BPK |
||
| 942 |
_cKS _2UKD |
||
| 999 |
_c30141 _d30141 |
||